1088 1738 1404 1222 1074 1682 1759 1403 1968 1821 1267 1753 1134 1577 1381 1469 1137 1705 1338 1063 1574 1910 1438 1591 1043 1876 1167 1822 1877 1991 1752 1728 1666 1429 1359 1418 1238 1265 1640 1082 1269 1994 1587 1738 1212 1722 1187 1852 1883 1859 1773 1174 1604 1687 1296 1927 1728 1001 1734 1779 1468 1911 1952 1509 1042 1075 1645 1827 1689 1493 1283 1550 1339 1326 1290 1020 1606 1414 1693 1390 1291 1551 1715 1185 1893 1388 1097 1187 1489 1511 1618 1538 1462 1781 1875 1891 1637 1100 1820 BCNSPRNW ULIB Ver.6.0+V

เปลี่ยนเป็นภาษาไทย

Change to English
 แสดงรายละเอียดบรรณานุกรม
  กลับหน้าหลัก

Brief Record : Get Marc (ISO 2709) : E-mail record : QR code < ปิดหน้าต่าง
LEADER : 00000nam 2200000uu 4500
001    13399107886
003     ULIB
008    110209s2550||||th 000 0 tha d
060 04 WZ100^bบ255 25--
245 00 เบนทูล-ผกา บุญอิต อนุสรณ์.
260    กรุงเทพฯ :^bอมรินทร์พริ้นติ้ง แอนด์ พับลิชชิ่ง,^c[25--].
300    299 หน้า :^bภาพประกอบ ;^c30 ซม.
600 20 เบนทูล บุญอิต.
600 20 ผกา บุญอิต.
995     เกษร
999 ^a ใช้งานได้ทุกระบบ
รายการนี้ยังไม่มีแท็ก
คุณยังไม่ได้ล็อกอิน คุณสามารถมีกิจกรรมร่วมกับเว็บไซต์ได้ แต่ต้องล็อกอินก่อน ::
  ล็อกอิน

รายการสื่อสารสนเทศ

ลำดับที่ ประเภท เลขเรียก/บาร์โค้ด สถานที่ สถานะ
- ไม่พบข้อมูล -

BibComment


ยังไม่เคยถูกคอมเมนท์

คอมเมนท์ทรัพยากรรายการนี้
  คอมเมนท์: เบนทูลผกา บุญอิต ..


 Copyright 2026. Bcnsprnw @Library